Grundriss der Physik : Für Ingenieurschulen und Technische Schulen Sowie Zum Selbststudium.

Bibliographic Details
Main Author: Kleiber, Johann.
Format: eBook
Language:German
Published: Berlin/München/Boston : Walter de Gruyter GmbH, 1947.
Edition:6th ed.
Subjects:
Online Access:Click to View
LEADER 01431nam a22003373i 4500
001 EBC7015002
003 MiAaPQ
005 20240729202203.0
006 m o d |
007 cr cnu||||||||
008 240729s1947 xx o ||||0 ger d
020 |a 9783486776775  |q (electronic bk.) 
035 |a (MiAaPQ)EBC7015002 
035 |a (Au-PeEL)EBL7015002 
035 |a (OCoLC)1330933532 
040 |a MiAaPQ  |b eng  |e rda  |e pn  |c MiAaPQ  |d MiAaPQ 
100 1 |a Kleiber, Johann. 
245 1 0 |a Grundriss der Physik :  |b Für Ingenieurschulen und Technische Schulen Sowie Zum Selbststudium. 
250 |a 6th ed. 
264 1 |a Berlin/München/Boston :  |b Walter de Gruyter GmbH,  |c 1947. 
264 4 |c {copy}1947. 
300 |a 1 online resource (292 pages) 
336 |a text  |b txt  |2 rdacontent 
337 |a computer  |b c  |2 rdamedia 
338 |a online resource  |b cr  |2 rdacarrier 
588 |a Description based on publisher supplied metadata and other sources. 
590 |a Electronic reproduction. Ann Arbor, Michigan : ProQuest Ebook Central, 2024. Available via World Wide Web. Access may be limited to ProQuest Ebook Central affiliated libraries.  
655 4 |a Electronic books. 
776 0 8 |i Print version:  |a Kleiber, Johann  |t Grundriss der Physik  |d Berlin/München/Boston : Walter de Gruyter GmbH,c1947 
797 2 |a ProQuest (Firm) 
856 4 0 |u https://ebookcentral.proquest.com/lib/matrademy/detail.action?docID=7015002  |z Click to View